000 01226nam a2200253Ia 4500
003 Ost
005 20260507074913.0
008 260507s9999||||xx |||||||||||||| ||und||
040 _cfsecg
041 _aara
082 _a658
100 _aزيادة، فريد فهمي
_eمؤلف
245 0 _aالمبادئ والأصول للإدارة والأعمال /
_c فريد فهمي زيادة
250 _aطبعة 5
260 _aعمان:
_bمطبعة الشعب,
_c2006
300 _a572 صفحة؛
_bإيضاحات ؛
_c24 سم
520 _aالادارة: الادارة والمدير، الفكر التقليدي، الفكر الانساني، الفكر الحديث والمعاصر، اتخاذ القرار، التخطيط، التنظيم، الاتصال، القيادة، الرقابة، المسؤولية الاجتماعية، الأعمال: اشكال ملكية الاعمال، ادارة العمليات، ادارة التسويق، الادارة المالية، ادارة الموارد البشرية
653 _aادارة الاعمال
653 _aالاتصال
653 _aالتخطيط
653 _aالتنظيم
653 _aالرقابة
942 _cكتاب
999 _c41750
_d41750